Biológiai markerek vizsgálata krónikus alkoholizmusban I. Trombocita monoamino oxidáz-B aktivitás és sziálsav tartalom /

Elmentve itt :
Bibliográfiai részletek
Szerzők: Kálmán János
Rimanóczy Ágnes
Szekeres György
Boda Krisztina
Janka Zoltán
Dokumentumtípus: Cikk
Megjelent: 1991
Sorozat:IDEGGYOGYASZATI SZEMLE / CLINICAL NEUROSCIENCE 44 No. 7
Tárgyszavak:
mtmt:1313607
Online Access:http://publicatio.bibl.u-szeged.hu/32350
LEADER 00882nab a2200241 i 4500
001 publ32350
005 20250401184103.0
008 250401s1991 hu o 000 hun d
022 |a 0019-1442 
024 7 |a 1313607  |2 mtmt 
040 |a SZTE Publicatio Repozitórium  |b hun 
041 |a hun 
100 1 |a Kálmán János 
245 1 0 |a Biológiai markerek vizsgálata krónikus alkoholizmusban  |h [elektronikus dokumentum] :  |b I. Trombocita monoamino oxidáz-B aktivitás és sziálsav tartalom /  |c  Kálmán János 
260 |c 1991 
300 |a 303-309 
490 0 |a IDEGGYOGYASZATI SZEMLE / CLINICAL NEUROSCIENCE  |v 44 No. 7 
650 4 |a Klinikai orvostan 
700 0 1 |a Rimanóczy Ágnes  |e aut 
700 0 1 |a Szekeres György  |e aut 
700 0 1 |a Boda Krisztina  |e aut 
700 0 1 |a Janka Zoltán  |e aut 
856 4 0 |u http://publicatio.bibl.u-szeged.hu/32350/1/aok_klny_359_91.pdf  |z Dokumentum-elérés